Contitutional history of India / (Record no. 335461)
[ view plain ]
| 000 -LEADER | |
|---|---|
| fixed length control field | 00462cam a2200181ua 4500 |
| 020 ## - INTERNATIONAL STANDARD BOOK NUMBER | |
| Terms of availability | 12.50 |
| 041 ## - LANGUAGE CODE | |
| Language code of text/sound track or separate title | eng |
| Language code of original | |
| 082 ## - DEWEY DECIMAL CLASSIFICATION NUMBER | |
| Classification number | 342.029954 |
| Item number | VID/CO |
| 100 ## - MAIN ENTRY--PERSONAL NAME | |
| Personal name | Mahajan, Vidyadhar . |
| 245 ## - TITLE STATEMENT | |
| Title | Contitutional history of India / |
| Statement of responsibility, etc. | Vidyadhar Mahajan. |
| Medium | Textual Documents |
| 260 ## - PUBLICATION, DISTRIBUTION, ETC. (IMPRINT) | |
| Place of publication, distribution, etc. | New Delhi : |
| Name of publisher, distributor, etc. | S.Chand and Co , |
| Date of publication, distribution, etc. | 1962. |
| 300 ## - PHYSICAL DESCRIPTION | |
| Extent | 724 ; . |
| 365 ## - TRADE PRICE | |
| Price type code | 12.50 |
| 500 ## - GENERAL NOTE | |
| General note | **Reference |
| 504 ## - BIBLIOGRAPHY, ETC. NOTE | |
| Bibliography, etc | |
| 942 ## - ADDED ENTRY ELEMENTS (KOHA) | |
| Koha item type | Books (General) |
| Withdrawn status | Lost status | Damaged status | Not for loan | Home library | Current library | Date acquired | Total Checkouts | Full call number | Barcode | Date last seen | Price effective from | Koha item type |
|---|---|---|---|---|---|---|---|---|---|---|---|---|
| Written off | Damaged | Kelappaji College of Agricultural Engineering & Technology Library, Tavanur | Kelappaji College of Agricultural Engineering & Technology Library, Tavanur | 07/04/2012 | 342.029954 | KAU_KCAEFT-416 | 07/04/2012 | 03/09/2025 | Reference Book |
